000 00484nam a2200181Ia 4500
005 20250326125821.0
008 250326s9999 xx 000 0 und d
037 _aTextbook
040 _aFMSL
_beng
_cFMSL
041 _aeng
_2eng
084 _aX:74 N7
_qFMSL
100 _aWebster E
_9739745
245 0 _aHow to win the business battle
_cWebster E
260 _aLondon
_bLondon, penguin
_c1967
300 _a171p
942 _cTB
_hX:74 N7
999 _c1279711
_d1279711